书目信息 |
| 题名: |
中国少数民族体育文化通论
|
|
| 作者: | 饶远 , 刘竹 著 | |
| 分册: | ||
| 出版信息: | 北京 人民出版社 2009 |
|
| 页数: | 284页 | |
| 开本: | 23cm | |
| 丛书名: | ||
| 单 册: | ||
| 中图分类: | G852.9 | |
| 科图分类: | ||
| 主题词: | 少数民族--民族形式体育--中国 , 少数民族 , 民族形式体育 | |
| 电子资源: | ||
| ISBN: | 978-7-01-007982-0 | |
| 000 | 00994nam0 2200265 45 | |
| 001 | 1130226219 | |
| 005 | 20110309094156.20 | |
| 010 | @a978-7-01-007982-0@dCNY36.00 | |
| 100 | @a20110122d2009 em y0chiy50 ea | |
| 101 | 0 | @achi |
| 102 | @aCN@b110000 | |
| 105 | @ay z 000yy | |
| 106 | @ar | |
| 200 | 1 | @a中国少数民族体育文化通论@AZhong Guo Shao Shu Min Zu Ti Yu Wen Hua Tong Lun@f饶远,刘竹著@FRao Yuan, Liu Zhu Zhu |
| 210 | @a北京@c人民出版社@d2009 | |
| 215 | @a284页@d23cm | |
| 330 | @a本书通过对少数民族体育文化形成、演变的规律与表现形式的探讨,展示少数民族体育文化产生、发展及人类思维演进与文化创造中的辉煌成果;研究少数民族体育的文化功能和经济发展前景,预测中国少数民族体育文化未来的发展趋势等。 | |
| 606 | 0 | @a少数民族@x民族形式体育@y中国 |
| 606 | 0 | @a少数民族 |
| 606 | 0 | @a民族形式体育 |
| 690 | @aG852.9@v4 | |
| 701 | 0 | @a饶远@ARao Yuan@f(1957~)@4著 |
| 701 | 0 | @a刘竹@ALiu Zhu@c(女,@f1957~)@4著 |
| 801 | 0 | @aCN@bTANGWEI@c20110309 |
| 905 | @b0530683-86@dG852.9@e179@f4 | |
| 中国少数民族体育文化通论/饶远,刘竹著.-北京:人民出版社,2009 |
| 284页;23cm |
| ISBN 978-7-01-007982-0:CNY36.00 |
| 本书通过对少数民族体育文化形成、演变的规律与表现形式的探讨,展示少数民族体育文化产生、发展及人类思维演进与文化创造中的辉煌成果;研究少数民族体育的文化功能和经济发展前景,预测中国少数民族体育文化未来的发展趋势等。 |
| ● |
| 相关链接 |
|
|
|
|
正题名:中国少数民族体育文化通论
索取号:G852.9/179
 
预约/预借
| 序号 | 登录号 | 条形码 | 馆藏地/架位号 | 状态 | 备注 |
| 1 | 0530683 | 205306836 | 第一样本阅览室/ [索取号:G852.9/179] | 在馆 | |
| 2 | 0530684 | 205306845 | 密集书库-体育系/ [索取号:G852.9/179] | 在馆 | |
| 3 | 0530685 | 205306854 | 第四借阅区/ [索取号:G852.9/179] | 在馆 | |
| 4 | 0530686 | 205306863 | 第四借阅区/ [索取号:G852.9/179] | 在馆 |